Score 0/20 Timer 02:00
0 Plays Today
Hint Answer % Correct
James Bond has a 'License To' do this.KILL
96.8%
Nursery rhyme: '_____ Around the Rosie.'RING
96.6%
Frozen ice locale where people can skate or play winter sports.RINK
95.6%
Dress-like garment for Scottish males.KILT
95.5%
A horizontal support on a ladder for a person's foot.RUNG
93.1%
Spongy, sac-like respiratory organ found in the chests of most vertebrates. LUNG
92.4%
Mud or fine earth deposited from running or standing water.SILT
90.5%
Sodium chloride, or a 2010 Angelina Jolie movie in which her character is accused of being a Russian spy.SALT
90.5%
Ill; affected by an impairment of normal physical or mental function.SICK
88.4%
2008 Sean Penn movie about a gay activist, or a mammary gland-produced white liquid.MILK
88.3%
Hint Answer % Correct
Singer Astley, or the raccoon Ranger mascot of a National Wildlife Federation magazine.RICK
87.2%
Natural protein fibre, often obtained from worm larvae cocoons.SILK
87%
Equipment for grinding or pulverizing grain or other raw materials.MILL
84.3%
1968 Dick Van Dyke film: 'Chitty Chitty _____(x2).'BANG
83.8%
To speak or verbally exchange thoughts.TALK
83.1%
He discovered and developed the first safe and effective polio vaccine.SALK
77.9%
Surname of musician k.d.LANG
73.2%
He famously played Batman, and he won the 2011 Academy Award for Best Supporting Actor for his role in 'The Fighter.' BALE
69.1%
Famous 1985 Margaret Atwood novel: 'The Handmaid's _____.'TALE
68.3%
A person or thing that ruins or spoils, or Poison Ivy's sidekick in the 1997 movie 'Batman & Robin.'BANE
62.4%

Today's Daily Dose

Missing Word
'T' Pairs

Word Ladder
Game Pieces

Get the Picture
Baseball Movies

Remove Ads.
Support Sporcle.
Get the best of Sporcle when you Go Orange. This ad-free experience offers more features, more stats, and more fun while also helping to support Sporcle. Thank you for becoming a member.

You're not logged in!

Compare scores with friends on all Sporcle quizzes.
OR
Log In

Show Comments

Extras

Top Quizzes Today


Score Distribution

Your Account Isn't Verified!

In order to create a playlist on Sporcle, you need to verify the email address you used during registration. Go to your Sporcle Settings to finish the process.

Report this User

Report this user for behavior that violates our Community Guidelines.

Details: